| 000 | 00475nam a22001697a 4500 | ||
|---|---|---|---|
| 008 | 230526b |||||||| |||| 00| 0 eng d | ||
| 040 |
_aNational Science Library _cNational Science Library |
||
| 080 | _a541.64(05) | ||
| 245 | _aAdvances in macromolecular chemistry | ||
| 260 |
_aLondon: _bAcademic Press, _c1970 |
||
| 300 | _ax, 267p. | ||
| 500 | _aVol. 2 1970 | ||
| 650 | _aScience | ||
| 653 | _aChemistry | ||
| 700 | _aPasika, Wallace M (Ed.) | ||
| 942 |
_2udc _cBK |
||
| 999 |
_c58253 _d58253 |
||